[Event "Helmond Rapid op"]
[Site "Helmond"]
[Date "2023.06.10"]
[Round "1"]
[White "De Boer, Hein"]
[Black "Kevlishvili, Robby"]
[Result "0-1"]
[WhiteElo "1638"]
[BlackElo "2539"]
[PlyCount "114"]
[EventDate "2023.06.10"]
[EventType "swiss (rapid)"]
[EventRounds "9"]
[EventCountry "NED"]
[SourceTitle "CBM 214 Extra"]
[Source "ChessBase"]
[SourceDate "2023.07.31"]
[SourceVersion "1"]
[SourceVersionDate "2023.07.31"]
[SourceQuality "1"]

1. c4 e5 2. Nc3 Nf6 3. e4 Bc5 4. h3 Nc6 5. Nf3 d6 6. d3 a5 7. a4 h6 8. Be2 Be6 9. Bd2 Nd4 10. Nxd4 Bxd4 11. Qc2 c6 12. 0-0 0-0 13. Be3 Bc5 14. Bxc5 dxc5 15. Rad1 Qe7 16. Rd2 Rfd8 17. Rfd1 Nh7 18. Bf1 Rd6 19. Ne2 Nf8 20. b3 b6 21. f4 exf4 22. Nxf4 Qg5 23. Rf2 Rad8 24. Qc1 Bc8 25. Qe3 Ne6 26. Qf3 Nd4 27. Qh5 g6 28. Qxg5 hxg5 29. Ne2 Nc2 30. Rf3 g4 31. Rg3 gxh3 32. gxh3 Kg7 33. Nf4 Rh8 34. Rd2 Nd4 35. Rb2 Rf6 36. Rf2 Nxb3 37. Rg5 Nd4 38. e5 Rf5 39. Rxf5 Bxf5 40. Rb2 g5 41. Ne2 Nf3+ 42. Kf2 Nxe5 43. Rxb6 Bxh3 44. Ng3 Bxf1 45. Kxf1 Kg6 46. Ra6 f5 47. Rxa5 Nxd3 48. Ke2 Rh3 49. Kxd3 Rxg3+ 50. Ke2 Ra3 51. Ra6 g4 52. Rxc6+ Kg5 53. Rxc5 Rxa4 54. Kf2 Kf4 55. Rc8 Ra2+ 56. Ke1 g3 57. Kf1 Kf3 0-1